00562 a2200193 4500020001800000082002000018100002600038100002300064245008500087260003000172300001700202504002600219650001300245650002600258650002200284650001600306650002800322653001800350 a9780415780971 a305.8bL299ncN aLawoti, Mahendra, ed. aHangen, Susan, ed. aNationalism and ethnic conflict in Nepal; identities and mobilization after 1990 aLondon:bRoutledge,c2013 axviii, 266p. aIncludes bibliography aPolitics aPolitical activitiies aEthnic relations  aNationalism aPolitics and government aEthnic groups